000 00548nam a22002057a 4500
003 OSt
005 20140310181726.0
008 130308t xxu||||| |||| 00| 0 eng d
020 _a9780701633727
050 _aN 7425
_b.Is73 2004
082 _aIB 701.18
_bIs7 2000
100 _aIsrael, Glenis
245 _aSenior artwise :
_bvisual arts 11-12 /
_cGlenis Israel.
260 _aAustralia :
_bJacaranda,
_c2004.
300 _a221 p. :
_c28 cm.
_bcol. ill. ;
650 _aVisual Arts
942 _2lcc
_cBK
999 _c2208
_d2208